000 01113 a2200157 4500
008 150320b xxu||||| |||| 00| 0 eng d
020 _a8448228138
082 _a707
_bD 536dIII
100 _aPower, K. et all; Subsecretaria de Promocio Cultural (editor)
_92259
245 _aDialogos Iberoamericanos III Simposio Internacional
_b"Continente de Crisis y promesas. Puzzle no resuelto"
260 _aEspaña
_bMartín Impresores S.L.
_c2001
300 _a160 p.
_c24 cm.
505 _tPresentaciones
_tRelación de conferenciantes
_tContinente de Crisis y Promesas, Puzzle no resuelto
_tLos Parpadeos del Aura (Consideraciones sobre ciertos apuros de la critica actual)
_rTicio Escobar
_tVenezuela en los 90s: contexto o descontexto del arte?
_rCecilia Fajardo Hill
_tHuella, Excavación, Disposición
_rJusto Pastor Mellado
_t¿Feminización del arte en Centroamerica?
_rVirginia Pérez Ratton
_tBrasil: años 90: Un perfil del medio artistico
_rAracy Amaral
_tMemoria e Incisión en el Arte Uruguayo de los Noventa
_rGabriel Peluffo Linari
_tTraducción al portugués
650 _xSimposio
_92260
700 _aKevin Power et all
_92258
999 _c473
_d473